书目信息 |
| 题名: |
科学社会主义的理论与实践
|
|
| 作者: | 高放 主编 | |
| 分册: | ||
| 出版信息: | 中国人大 2005.09 |
|
| 页数: | 377页 | |
| 开本: | 24cm | |
| 丛书名: | ||
| 单 册: | ||
| 中图分类: | D0-0 | |
| 科图分类: | ||
| 主题词: | 科学社会主义理论 , 共产主义运动--理论 | |
| 电子资源: | ||
| ISBN: | 978-7-300-06713-1 | |
| 000 | 00657nam0 2200241 45 | |
| 001 | 0929509056 | |
| 005 | 20091029081245.79 | |
| 010 | @a978-7-300-06713-1@dCNY25.00 | |
| 100 | @a20090515d2005 ekmy0 y0120 ea | |
| 102 | @aCN@b130000 | |
| 102 | @aCN@b110000 | |
| 105 | @ay z 000yy | |
| 200 | 1 | @a科学社会主义的理论与实践@f高放等主编@Fgao fang deng zhu bian |
| 210 | @c中国人大@d2005.09 | |
| 210 | @a北京@c中国人民大学出版社 | |
| 215 | @a377页@d24cm | |
| 606 | 0 | @a科学社会主义理论 |
| 606 | 0 | @a共产主义运动@x理论 |
| 690 | @aD0-0@v4 | |
| 701 | 0 | @a高放@Agao fang@4主编 |
| 801 | 0 | @aCN@c20091029 |
| 905 | @a10447@dD0-0@eG122 | |
| 906 | @d25@n3@r1 | |
| 科学社会主义的理论与实践/高放等主编.-中国人大,2005.09.-北京:中国人民大学出版社 |
| 377页;24cm |
| ISBN 978-7-300-06713-1:CNY25.00 |
| ● |
| 相关链接 |
|
|
|
正题名:科学社会主义的理论与实践
索取号:D0-0/G122
 
预约/预借
| 序号 | 登录号 | 条形码 | 馆藏地/架位号 | 状态 | 备注 |
| 1 | 659809 | 206598092 | 社科库509/509社科库 67排3列3层/ [索取号:D0-0/G122] | 在馆 | |
| 2 | 659810 | 206598109 | 社科库509/509社科库 67排3列3层/ [索取号:D0-0/G122] | 在馆 | |
| 3 | 659811 | 206598118 | 社科库509/509社科库 67排3列3层/ [索取号:D0-0/G122] | 在馆 |